[Event "XVII Torneo Internacional "]
[Site "Navalmoral de la Mata"]
[Date "2011.12.04"]
[Round "2"]
[White "Peralta, Fernando"]
[Black "Lalic, Bogdan"]
[Result "1/2-1/2"]
[WhiteElo "2590"]
[BlackElo "2454"]
[PlyCount "35"]
[EventDate "2011.12.03"]
[EventRounds "9"]
[EventCountry "ESP"]

1. d4 Nf6 2. c4 e6 3. Nc3 Bb4 4. e3 c5 5. Nge2 cxd4 6. exd4 O-O 7. a3 Be7 8.
Nf4 d6 9. Be2 e5 10. Nfd5 Nxd5 11. Nxd5 Nc6 12. dxe5 dxe5 13. O-O Be6 14. Be3
Bg5 15. Qb3 Bxe3 16. fxe3 b6 17. Rad1 Qg5 18. Kh1 1/2-1/2

[Event "XVII Torneo Internacional "]
[Site "Navalmoral de la Mata"]
[Date "2011.12.05"]
[Round "4"]
[White "Del Rio De Angelis, Salvador G"]
[Black "Teske, Henrik"]
[Result "1/2-1/2"]
[WhiteElo "2534"]
[BlackElo "2538"]
[PlyCount "31"]
[EventDate "2011.12.03"]
[EventRounds "9"]
[EventCountry "ESP"]

1. d4 Nf6 2. c4 e6 3. Nc3 Bb4 4. e3 c5 5. Nge2 Ne4 6. Bd2 Nxd2 7. Qxd2 cxd4 8.
exd4 b6 9. g3 Bb7 10. d5 O-O 11. Bg2 e5 12. O-O d6 13. Rac1 Nd7 14. a3 Bxc3 15.
Rxc3 Qc7 16. Re1 1/2-1/2

[Event "XVII Torneo Internacional "]
[Site "Navalmoral de la Mata"]
[Date "2011.12.05"]
[Round "5"]
[White "Campora, Daniel H"]
[Black "Garcia-Ortega Mendez, Jose M"]
[Result "1/2-1/2"]
[WhiteElo "2493"]
[BlackElo "2357"]
[PlyCount "119"]
[EventDate "2011.12.03"]
[EventRounds "9"]
[EventCountry "ESP"]

1. e4 c5 2. Nf3 g6 3. c3 Bg7 4. d4 cxd4 5. cxd4 d5 6. e5 Nc6 7. Nc3 Bg4 8. Bb5
Rc8 9. O-O e6 10. h3 Bxf3 11. Qxf3 Nge7 12. Bg5 O-O 13. Rad1 Qb6 14. Qd3 Nf5
15. Bxc6 Rxc6 16. g4 Qxb2 17. Na4 Qxd4 18. Qxd4 Nxd4 19. Rxd4 Bxe5 20. Rb4 b6
21. Nb2 Kg7 22. Nd3 Bd6 23. Rb2 Rfc8 24. Be3 Rc4 25. f4 f6 26. g5 Re4 27. gxf6+
Kxf6 28. Nf2 Rec4 29. Ng4+ Ke7 30. Kg2 Rc2+ 31. Rxc2 Rxc2+ 32. Rf2 Rc4 33. Kf3
Bc5 34. Bxc5+ Rxc5 35. Re2 b5 36. Ne5 a5 37. Ke3 Rc3+ 38. Kd4 b4 39. Re3 Rc2
40. a3 Kf6 41. axb4 axb4 42. Rb3 Re2 43. Rxb4 Re4+ 44. Kc3 Rxb4 45. Kxb4 Kf5
46. Nd3 Ke4 47. Kc3 Ke3 48. h4 h6 49. Ne5 Kxf4 50. Nxg6+ Kf5 51. h5 Kg5 52. Kd4
Kxh5 53. Nf4+ Kg4 54. Nxe6 h5 55. Ke3 Kg3 56. Nf4 d4+ 57. Ke4 h4 58. Ne2+ Kg2
59. Nxd4 h3 60. Nf3 1/2-1/2